Primary processing: Sawing and peeling of rubberwood (Record no. 48253)

MARC details
000 -LEADER
fixed length control field 00446nam a2200121Ia 4500
100 ## - MAIN ENTRY--AUTHOR NAME
Personal name Ho K S
245 #0 - TITLE STATEMENT
Title Primary processing: Sawing and peeling of rubberwood
260 ## - PUBLICATION, DISTRIBUTION, ETC. (IMPRINT)
Name of publisher In: Rubberwood Processing and Utilization [Eds. Hong, L.T and Sim, H.C] 1994, Forest Research Institute of Malaysia, Kuala Lumpur, Malaysia, pp.61-84.
Year of publication 1994
650 ## - SUBJECT ADDED ENTRY--TOPICAL TERM
Topical Term Wood processing
700 ## - ADDED ENTRY--PERSONAL NAME
Personal name Ali R
942 ## - ADDED ENTRY ELEMENTS (KOHA)
Koha item type Bibliography RLWO
Holdings
Withdrawn status Lost status Damaged status Not for loan Home library Current library Date acquired Koha item type
      Bibliography RRII Library RRII Library 31/12/2021 Bibliography RLWO